Investment in China's Tourism Industry Its Scale, Nature and Policy Issues for Consideration

Enregistré dans:
Détails bibliographiques
Auteur principal: Tisdell, Clem
Autres auteurs: Wen, Jie
Format: Livre
Langue:anglais
Publié: Brisbane University of Qeensland 1990
Édition:1. ed.
Collection:Discussion Paper No.49
Tags: Ajouter un tag
Pas de tags, Soyez le premier à ajouter un tag!

MARC

LEADER 00000nam a2200000 4500
001 c038914
005 20221215114028.1
041 0 |a eng 
044 |a AU 
245 1 0 |a Investment in China's Tourism Industry  |b Its Scale, Nature and Policy Issues for Consideration  |c Clem Tisdell, Jie Wen 
250 |a 1. ed. 
264 1 |a Brisbane  |b University of Qeensland  |c 1990 
300 |a 39 s. 
490 1 |a Discussion Paper  |v No.49 
830 0 |a Discussion Paper  |v No.49 
100 1 |a Tisdell, Clem 
700 1 |a Wen, Jie